| 000 | 00405nam a2200169Ia 4500 | ||
|---|---|---|---|
| 003 | OSt | ||
| 005 | 20240208144438.0 | ||
| 008 | 170619s9999 xx 000 0 und d | ||
| 020 | _a9780195689266 | ||
| 040 | _cIIMT ENGINEERING COLLEGE | ||
| 100 | _aCowell- F | ||
| 245 | 0 | _aMicroeconomics Principle & Analysis | |
| 260 | _bOxford University | ||
| 260 | _c2011 | ||
| 546 | _aENGLISH | ||
| 942 |
_2ddc _c02 |
||
| 999 |
_c22653 _d22653 |
||